000 00619nam a2200181 i 4500
001 100081
003 ES-MaACL
005 20250915063043.0
007 t|
008 050921s1947 sp ||||1| spa d
100 1 _aMartínez Val, José María,
_d1916-
_978455
245 1 0 _aCervantes y su España
_b: (Evocación) /
_cDr. José María Martínez Val, Margarita Peñalosa de Martínez Val.
260 _aCiudad Real :
_b[s.n.],
_c1947 (
_fAlpha)
300 _a131 p. :
_bil. ;
_c17 cm.
700 1 _aPeñalosa Esteban-Infantes, Margarita.
_990302
852 _aES-MaACL
_j1785-F-18
_bR.26553
999 _c100081
_d100081